01554nam a2200409 i 450000100060000000300080000600500170001400600190003100700150005000800410006502000280010602000180013403500220015204000310017405000230020508000200022808200160024810000330026424500790029725000210037626400640039730000830046133600310054433700330057533800430060850400340065152100410068558800830072659001620080965000150097165000160098665000170100265500270101979700180104685600630106499900170112792376FINmELB20241217172117.0m o u cr cn|||||||||210128s2020 sp a ob 000 0 spa d a9781512983241q(e-book) z9788417943615 a(OCoLC)1237566551 aFINmELBbspaerdacFINmELB 4aHF5485b.A746 2020 a658.7/.8(075.4)04a658.7852231 aArenal Laza, Carmen,eautor.10aOperaciones auxiliares de almacenaje, MF1325 /cautor, Carmen Arenal Laza. aEdición: 2020. 1aLogroño (La Rioja) :bEditorial Tutor Formación,c2020. a1 recurso en línea (160 páginas) :bilustraciones (blanco y negro y color) atextobtxt2rdacontent/spa acomputadorabc2rdamedia/spa arecurso en líneabcr2rdacarrier/spa aBibliografía: página 159. apara Certificado de profesionalidad. aDescripción basada en metadatos suministrados por el editor y otras fuentes. aRecurso electrónico. Santa Fe, Arg.: elibro, 2021. Disponible vía World Wide Web. El acceso puede estar limitado para las bibliotecas afiliadas a elibro. 4aAlmacenes. 0aWarehouses. 4aLogística. 4aLibros electrónicos.2 aelibro, Corp.40uhttps://elibro.net/ereader/politecnicointernacional/129696 c92376d92376